| 000 | 00560nam a2200193 a 4500 | ||
|---|---|---|---|
| 001 | 0193 | ||
| 005 | 20140414131902.0 | ||
| 008 | 040819s19uu xx 00 eng d | ||
| 020 | _a1-85471-893-2 | ||
| 050 |
_aFIC _bD85 1997 |
||
| 100 | _aDubowski, Cathy East | ||
| 245 |
_aHercules : _bbased on Disney's new animated epic adventure! / _cadapted by Cathy East Duboswki. |
||
| 260 |
_aAustralia : _bDisney Enterprises, _c1997. |
||
| 300 | _a84 p. : ill. ; cm. | ||
| 440 | _aDisney's | ||
| 650 | _aFiction. | ||
| 650 | _aChildren stories. | ||
| 999 |
_c110692 _d110692 |
||